000 00680nam a2200241 a 4500
999 _c11442
_d11442
001 11442
003 BD-JhCC
005 20190919113333.0
008 190919s20002012II a|||| |||| 001 0 eng d
020 _a9780198061847
020 _a0198061846
035 _a(BD-JhCC)11442
040 _aBD-JhCC
_dBD-JhCC
041 _aeng
082 _a005.14
_bCHA 2012
100 _aChauhan, Naresh
245 _aSoftware testing:
_bprinciples and practices /
_cby Naresh Chauhan
260 _aNew Delhi :
_bOxford Higher Education;
_c2012.
300 _a611 p. :
_bill.;
_c23 cm.
504 _aIncludes Index and Bibliography.
650 _aComputer software--Testing
942 _2ddc
_cBK